[Event "Villa Diamante op"]
[Site "Villa Diamante"]
[Date "2015.08.17"]
[Round "7"]
[White "Cappadona, Juan Pablo"]
[Black "Profilo, Vicente"]
[Result "0-1"]
[WhiteElo "1735"]
[BlackElo "1692"]
[PlyCount "94"]
[EventDate "2015.08.14"]
[EventType "swiss"]
[EventRounds "7"]
[EventCountry "ARG"]
[SourceTitle "EXT 2016"]
[Source "ChessBase"]
[SourceDate "2015.10.08"]
[SourceVersion "1"]
[SourceVersionDate "2015.10.08"]
[SourceQuality "1"]

1. Nf3 d5 2. c4 c6 3. b3 Nf6 4. g3 Bf5 5. Bb2 e6 6. Bg2 Nbd7 7. 0-0 Be7 8. d4 h6 9. Nbd2 0-0 10. Re1 Ne4 11. e3 Ndf6 12. a3 a6 13. Ne5 Bd6 14. Nxe4 Nxe4 15. f3 Nf6 16. Nd3 Nd7 17. e4 dxe4 18. fxe4 Bg6 19. Nf4 Bxf4 20. gxf4 Qh4 21. Qf3 f5 22. e5 Rad8 23. Qf2 Qxf2+ 24. Kxf2 Rf7 25. Rad1 Nb6 26. Bc3 Rfd7 27. Rd2 Rc8 28. Red1 Bh5 29. Re1 g5 30. fxg5 hxg5 31. Bf3 Bxf3 32. Kxf3 Rh7 33. Kg2 Kf7 34. Re3 Rch8 35. Kg1 Rh3 36. Rxh3 Rxh3 37. Rc2 Ke7 38. Kg2 Rd3 39. Kf1 g4 40. Ke2 Rh3 41. Kf1 Nd7 42. Kg2 Rd3 43. c5 Nf8 44. b4 Ng6 45. Kf1 Nf4 46. Bb2 Rd1+ 47. Kf2 Nd3+ 0-1

[Event "Villa Diamante op"]
[Site "Villa Diamante"]
[Date "2015.08.15"]
[Round "2"]
[White "Lo Presti, Roberto"]
[Black "Profilo, Vicente"]
[Result "1-0"]
[WhiteElo "1956"]
[BlackElo "1692"]
[PlyCount "59"]
[EventDate "2015.08.14"]
[EventType "swiss"]
[EventRounds "7"]
[EventCountry "ARG"]
[SourceTitle "EXT 2016"]
[Source "ChessBase"]
[SourceDate "2015.10.08"]
[SourceVersion "1"]
[SourceVersionDate "2015.10.08"]
[SourceQuality "1"]

1. e4 c5 2. Nf3 a6 3. c4 Nc6 4. d4 cxd4 5. Nxd4 e5 6. Nc2 Bc5 7. Be2 Nf6 8. Nc3 d6 9. 0-0 h6 10. a3 a5 11. Kh1 Be6 12. f4 exf4 13. Bxf4 Ne5 14. b4 axb4 15. axb4 Rxa1 16. Qxa1 Bb6 17. c5 Bc7 18. Nb5 0-0 19. cxd6 Bxd6 20. Nxd6 Qxd6 21. Bxe5 Qc6 22. Nd4 Qxe4 23. Bxf6 gxf6 24. Nxe6 fxe6 25. Bf3 Qxb4 26. Rb1 Qd2 27. Rxb7 Rc8 28. Rb1 Qg5 29. h3 Qf4 30. Rd1 1-0

[Event "Buenos Aires Duchamp op 1st"]
[Site "Buenos Aires"]
[Date "2011.09.17"]
[Round "5"]
[White "Martinez, Luciana"]
[Black "Profilo, Vicente"]
[Result "1-0"]
[WhiteElo "1477"]
[BlackElo "1698"]
[PlyCount "38"]
[EventDate "2011.09.12"]
[EventType "swiss"]
[EventRounds "9"]
[EventCountry "ARG"]
[SourceTitle "EXT 2014"]
[Source "ChessBase"]
[SourceDate "2013.11.20"]
[SourceVersion "1"]
[SourceVersionDate "2013.11.20"]
[SourceQuality "1"]

1. e4 c5 2. Nf3 d6 3. d4 cxd4 4. Nxd4 Nf6 5. Nc3 e5 6. Nf3 Nc6 7. Bb5 Bd7 8. Bg5 Be7 9. 0-0 a6 10. Ba4 b5 11. Bxf6 Bxf6 12. Bb3 Bg4 13. Qd5 Qd7 14. a4 b4 15. Nb5 0-0 16. Nxd6 Bxf3 17. Nxf7 Rxf7 18. Qxd7 Nd8 19. Bxf7+ Nxf7 1-0

[Event "Buenos Aires Duchamp op 1st"]
[Site "Buenos Aires"]
[Date "2011.09.13"]
[Round "2"]
[White "Sanduay, Nicolas"]
[Black "Profilo, Vicente"]
[Result "1-0"]
[WhiteElo "2043"]
[BlackElo "1698"]
[PlyCount "36"]
[EventDate "2011.09.12"]
[EventType "swiss"]
[EventRounds "9"]
[EventCountry "ARG"]
[SourceTitle "EXT 2014"]
[Source "ChessBase"]
[SourceDate "2013.11.20"]
[SourceVersion "1"]
[SourceVersionDate "2013.11.20"]
[SourceQuality "1"]

1. e4 c5 2. Nf3 a6 3. c4 Nc6 4. d4 cxd4 5. Nxd4 Qb6 6. Nb3 e5 7. Be3 Qc7 8. a3 Nf6 9. Nc3 d6 10. Be2 Be6 11. Rc1 Nd7 12. 0-0 Nc5 13. Nd2 Be7 14. b4 Nd7 15. Nb3 0-0 16. Qd2 Qd8 17. f3 b5 18. cxb5 axb5 1-0

[Event "Buenos Aires Duchamp op 1st"]
[Site "Buenos Aires"]
[Date "2011.09.12"]
[Round "1"]
[White "Profilo, Vicente"]
[Black "Fabrega, Enrique"]
[Result "0-1"]
[WhiteElo "1698"]
[BlackElo "2198"]
[PlyCount "61"]
[EventDate "2011.09.12"]
[EventType "swiss"]
[EventRounds "9"]
[EventCountry "ARG"]
[SourceTitle "EXT 2014"]
[Source "ChessBase"]
[SourceDate "2013.11.20"]
[SourceVersion "1"]
[SourceVersionDate "2013.11.20"]
[SourceQuality "1"]

1. d4 Nf6 2. Nf3 g6 3. c4 Bg7 4. Nc3 d5 5. e3 0-0 6. Be2 c5 7. 0-0 cxd4 8. exd4 dxc4 9. Bxc4 Bg4 10. d5 Nbd7 11. Re1 Rc8 12. Be2 a6 13. h3 Bxf3 14. Bxf3 b5 15. a3 Nc5 16. Be3 Nfd7 17. Qe2 Re8 18. Rad1 Nb7 19. Bd4 Nd6 20. Bxg7 Kxg7 21. Bg4 f5 22. Bf3 Qc7 23. Rd4 Nc4 24. Rh4 Qe5 25. Qd1 Qf6 26. g3 Nde5 27. Be2 Nxb2 28. Qd2 h5 29. Nxb5 axb5 30. Kh1 Nbc4 31. Qd4 0-1

[Event "Buenos Aires Bolivar op 4th"]
[Site "Buenos Aires"]
[Date "2011.06.20"]
[Round "6"]
[White "Profilo, Vicente"]
[Black "Lopez, Jose Luis"]
[Result "1-0"]
[WhiteElo "1665"]
[BlackElo "1797"]
[PlyCount "55"]
[EventDate "2011.06.13"]
[EventType "swiss"]
[EventRounds "9"]
[EventCountry "ARG"]
[SourceTitle "EXT 2014"]
[Source "ChessBase"]
[SourceDate "2013.11.20"]
[SourceVersion "1"]
[SourceVersionDate "2013.11.20"]
[SourceQuality "1"]

1. e4 d5 2. exd5 Nf6 3. c4 e6 4. dxe6 Bxe6 5. Nf3 Nc6 6. d4 Bb4+ 7. Nc3 Qe7 8. Qe2 Bg4 9. Qxe7+ Bxe7 10. Be3 Nb4 11. 0-0-0 c6 12. a3 Na6 13. Bd3 Nc7 14. h3 Bxf3 15. gxf3 0-0-0 16. Rhe1 Rhe8 17. Re2 g6 18. Rde1 Ne6 19. d5 cxd5 20. cxd5 Nxd5 21. Nxd5 Rxd5 22. Bc4 Rh5 23. Bxa7 Rxh3 24. Bxe6+ fxe6 25. Rc2+ Kd7 26. Rd1+ Bd6 27. Bc5 Rh1 28. Rxh1 1-0

[Event "Buenos Aires Bolivar op 4th"]
[Site "Buenos Aires"]
[Date "2011.06.15"]
[Round "3"]
[White "Anelli, Antonio"]
[Black "Profilo, Vicente"]
[Result "1-0"]
[WhiteElo "2155"]
[BlackElo "1665"]
[PlyCount "81"]
[EventDate "2011.06.13"]
[EventType "swiss"]
[EventRounds "9"]
[EventCountry "ARG"]
[SourceTitle "EXT 2014"]
[Source "ChessBase"]
[SourceDate "2013.11.20"]
[SourceVersion "1"]
[SourceVersionDate "2013.11.20"]
[SourceQuality "1"]

1. c4 Nf6 2. Nc3 e6 3. d4 Bb4 4. e3 0-0 5. Nge2 d6 6. a3 Bxc3+ 7. Nxc3 Nbd7 8. e4 e5 9. d5 a5 10. f3 Ne8 11. Bd3 Nc5 12. Bc2 f5 13. 0-0 f4 14. Bd2 Qg5 15. b4 axb4 16. axb4 Rxa1 17. Qxa1 Na6 18. Qa3 Qe7 19. Be1 g5 20. g4 h5 21. h3 hxg4 22. hxg4 Kg7 23. Kg2 Rh8 24. Bd1 Kg6 25. Rh1 Rxh1 26. Kxh1 Nf6 27. Bf2 Qh7+ 28. Kg2 Qe7 29. Be2 Nd7 30. Nb1 Nf6 31. Nd2 Nd7 32. Nb3 Qf8 33. c5 dxc5 34. bxc5 Nf6 35. Qa5 Qe7 36. Qc3 Ne8 37. Na5 Nb8 38. Qb2 Na6 39. Nxb7 Bxb7 40. Qxb7 Nxc5 41. Qc6+ 1-0